| 000 | 00981pam a2200301 a 4500 | ||
|---|---|---|---|
| 001 | 1071780 | ||
| 003 | OSt | ||
| 005 | 20140310182733.0 | ||
| 008 | 911008s2011 njua b 001 0 eng | ||
| 010 | _a 91038105 | ||
| 020 | _a9789810697914 | ||
| 040 |
_aDLC _cDLC _dDLC |
||
| 050 | 0 | 0 |
_aQA 76.9.S88 _b.K45 2011 |
| 100 | 1 |
_aKendall, Kenneth E., _d1948- |
|
| 245 | 1 | 0 |
_aSystems analysis and design / _cKenneth E. Kendall, Julie E. Kendall. |
| 250 | _a8th ed. | ||
| 260 |
_aEnglewood Cliffs, N.J. : _bPrentice Hall, _c2011. |
||
| 300 |
_axxix, 600 p. : _bill. ; _c26 cm. |
||
| 504 | _aIncludes bibliographical references and index. | ||
| 521 | _aIT | ||
| 650 | 0 | _aSystem design. | |
| 650 | 0 | _aSystem analysis. | |
| 700 | 1 |
_aKendall, Julie E., _d1952- |
|
| 906 |
_a7 _bcbc _corignew _d1 _eocip _f19 _gy-gencatlg |
||
| 942 |
_2lcc _cBK _kFOR |
||
| 999 |
_c15480 _d15480 |
||